[Event "Campionatul National de sah pe echipe f"]
[Site "Mamaia-Constanta"]
[Date "2013.09.07"]
[Round "8.4"]
[White "Morea, Georgiana-Steluta"]
[Black "Visanescu, Daria-Ioana"]
[Result "0-1"]
[WhiteElo "1881"]
[BlackElo "2076"]
[PlyCount "66"]
[EventDate "2013.08.31"]
[EventRounds "9"]
[WhiteTeam "CSM BUCURESTI"]
[BlackTeam "CS STUD. MEDICINA TIMISOARA"]

1. d4 Nf6 2. Nf3 g6 3. g3 Bg7 4. Bg2 O-O 5. O-O d6 6. c4 Nc6 7. Nc3 a6 8. h3
Bd7 9. e4 e5 10. Be3 exd4 11. Nxd4 Re8 12. Re1 Na5 13. Qd3 Rb8 14. Rad1 Nc6 15.
Kh2 Nxd4 16. Bxd4 b5 17. cxb5 axb5 18. b4 Qc8 19. Qd2 h5 20. Qf4 Nh7 21. Bxg7
Kxg7 22. e5 dxe5 23. Rxe5 Nf6 24. Qd4 Rxe5 25. Qxe5 Qe8 26. Qd4 Bf5 27. Nd5 Qd8
28. Qa1 Qd6 29. Ne3 Qe6 30. Bd5 Qc8 31. Bg2 Be6 32. Qe5 Rb6 33. Nd5 Bxd5 0-1

[Event "Campionatul National de sah pe echipe f"]
[Site "Mamaia-Constanta"]
[Date "2013.09.08"]
[Round "9.1"]
[White "Peptan, Corina-Isabela"]
[Black "Marin, Irina-Luiza"]
[Result "1/2-1/2"]
[WhiteElo "2434"]
[BlackElo "2130"]
[PlyCount "68"]
[EventDate "2013.08.31"]
[EventRounds "9"]
[WhiteTeam "CSM BUCURESTI"]
[BlackTeam "CLUBUL CENTRAL DE SAH BUCURESTI"]

1. e4 d6 2. d4 Nf6 3. Nc3 g6 4. Nf3 Bg7 5. Bc4 Nc6 6. h3 O-O 7. Qe2 e5 8. dxe5
Nxe5 9. Bb3 c6 10. Be3 Re8 11. O-O-O Qc7 12. Qd2 Nxf3 13. gxf3 d5 14. exd5 cxd5
15. Nxd5 Nxd5 16. Qxd5 Bf5 17. Qc5 Qxc5 18. Bxc5 b6 19. Be3 Rac8 20. Rd2 h5 21.
h4 Bf6 22. Bd4 Bxd4 23. Rxd4 Re2 24. Rd2 Re5 25. Rhd1 Kg7 26. c3 Rc7 27. a4
Rce7 28. Bc4 Be6 29. f4 Rf5 30. Rd4 Bxc4 31. Rxc4 Re2 32. Rd2 Re1+ 33. Rd1 Re2
34. Rd2 Rxd2 1/2-1/2

[Event "Campionatul National de sah pe echipe f"]
[Site "Mamaia-Constanta"]
[Date "2013.09.08"]
[Round "9.2"]
[White "Baciu, Anca-Otilia"]
[Black "Ionescu, Irina"]
[Result "1/2-1/2"]
[WhiteElo "2126"]
[BlackElo "2229"]
[PlyCount "88"]
[EventDate "2013.08.31"]
[EventRounds "9"]
[WhiteTeam "CLUBUL CENTRAL DE SAH BUCURESTI"]
[BlackTeam "CSM BUCURESTI"]

1. e4 e5 2. Nf3 Nf6 3. Nxe5 d6 4. Nf3 Nxe4 5. Nc3 Nxc3 6. dxc3 Be7 7. Be3 Nc6
8. Qd2 Be6 9. Bd3 Qd7 10. O-O-O O-O-O 11. h3 Ne5 12. Nd4 Qa4 13. a3 Nc4 14.
Bxc4 Qxc4 15. Nxe6 fxe6 16. Kb1 e5 17. Bg5 Rd7 18. Rhe1 Bxg5 19. Qxg5 Rf7 20.
f3 Qf4 21. Qg4+ Qxg4 22. hxg4 h5 23. gxh5 Rxh5 24. c4 b6 25. Rh1 Rg5 26. Rh2 a5
27. b3 a4 28. Kb2 axb3 29. cxb3 e4 30. fxe4 Rf2+ 31. Kc3 Kd7 32. Rd2 Rg3+ 33.
Rd3 Rgxg2 34. Rxg2 Rxg2 35. e5 g5 36. Kb4 Kc6 37. exd6 cxd6 38. a4 Re2 39. Rh3
g4 40. Rh6 g3 41. Rg6 g2 42. Rg5 Kd7 43. Rg6 Kc6 44. Rg5 Kd7 1/2-1/2

[Event "Campionatul National de sah pe echipe f"]
[Site "Mamaia-Constanta"]
[Date "2013.09.08"]
[Round "9.4"]
[White "Vasilescu, Maria"]
[Black "Moldovan, Petruta-Alisia"]
[Result "1-0"]
[WhiteElo "1880"]
[BlackElo "1694"]
[PlyCount "32"]
[EventDate "2013.08.31"]
[EventRounds "9"]
[WhiteTeam "CLUBUL CENTRAL DE SAH BUCURESTI"]
[BlackTeam "CSM BUCURESTI"]

1. e4 c5 2. Nf3 e6 3. c3 Nc6 4. d4 cxd4 5. cxd4 Nf6 6. Nc3 d5 7. e5 Nd7 8. Be2
Be7 9. O-O O-O 10. Re1 a6 11. Bd3 b5 12. Bb1 f5 13. exf6 Rxf6 14. Bxh7+ Kxh7
15. Ng5+ Kg8 16. Nxe6 Nf8 1-0

[Event "Campionatul National de sah pe echipe f"]
[Site "Mamaia-Constanta"]
[Date "2013.09.08"]
[Round "9.1"]
[White "Cmilyte, Viktorija"]
[Black "Atalik, Ekaterina"]
[Result "1/2-1/2"]
[WhiteElo "2497"]
[BlackElo "2431"]
[PlyCount "23"]
[EventDate "2013.08.31"]
[EventRounds "9"]
[WhiteTeam "CS POLITEHNICA-ANTIBIOTICE IASI"]
[BlackTeam "CS STUD. MEDICINA TIMISOARA"]

1. e4 e6 2. d4 d5 3. Bd3 c5 4. exd5 exd5 5. Qe2+ Be7 6. dxc5 Nf6 7. Nf3 O-O 8.
O-O Bxc5 9. Bg5 Bg4 10. h3 Bh5 11. Nc3 Nc6 12. g4 1/2-1/2

[Event "Campionatul National de sah pe echipe f"]
[Site "Mamaia-Constanta"]
[Date "2013.09.08"]
[Round "9.2"]
[White "Sandu, Mihaela"]
[Black "Bulmaga, Irina"]
[Result "1/2-1/2"]
[WhiteElo "2254"]
[BlackElo "2410"]
[PlyCount "70"]
[EventDate "2013.08.31"]
[EventRounds "9"]
[WhiteTeam "CS STUD. MEDICINA TIMISOARA"]
[BlackTeam "CS POLITEHNICA-ANTIBIOTICE IASI"]
[WhiteClock "0:00:08"]
[BlackClock "0:00:17"]

1. e4 c6 2. c4 d5 3. exd5 cxd5 4. cxd5 Nf6 5. Nc3 Nxd5 6. Nf3 e6 7. Bc4 Be7 8.
O-O O-O 9. d4 Nc6 10. Re1 Bf6 11. Bb3 b6 12. Nxd5 exd5 13. Ne5 Bb7 14. Bf4 Ne7
15. Rc1 Rc8 16. Rxc8 Bxc8 17. Ba4 Be6 18. Nc6 Nxc6 19. Bxc6 b5 20. Bxb5 Qb6 21.
Qd3 Bxd4 22. Be3 Bxe3 23. fxe3 Qa5 24. Ra1 Qb4 25. b3 Rc8 26. Rd1 Rc5 27. Ba4
g6 28. Qd2 Qc3 29. b4 Rc4 30. Qxc3 Rxc3 31. Kf2 Ra3 32. Bb3 d4 33. Rxd4 Bxb3
34. axb3 Rxb3 35. Rd7 Rxb4 1/2-1/2

[Event "Campionatul National de sah pe echipe f"]
[Site "Mamaia-Constanta"]
[Date "2013.09.08"]
[Round "9.4"]
[White "Visanescu, Daria-Ioana"]
[Black "Padurariu, Ioana-Smaranda"]
[Result "1/2-1/2"]
[WhiteElo "2076"]
[BlackElo "2205"]
[PlyCount "39"]
[EventDate "2013.08.31"]
[EventRounds "9"]
[WhiteTeam "CS STUD. MEDICINA TIMISOARA"]
[BlackTeam "CS POLITEHNICA-ANTIBIOTICE IASI"]
[WhiteClock "0:00:27"]
[BlackClock "0:00:31"]

1. e4 c5 2. Nf3 e6 3. d4 cxd4 4. Nxd4 Nf6 5. Nc3 d6 6. g4 h6 7. h4 Nc6 8. Rg1
d5 9. exd5 Nxd5 10. Nxd5 Qxd5 11. Be3 Bd7 12. Bg2 Qc4 13. c3 Be7 14. Bf1 Qd5
15. Bg2 Qc4 16. Bf1 Qd5 17. Bg2 Qc4 18. Bf1 Qd5 19. Bg2 Qc4 20. Bf1 1/2-1/2

[Event "Campionatul National de sah pe echipe f"]
[Site "Mamaia-Constanta"]
[Date "2013.09.08"]
[Round "9.1"]
[White "Cosma, Elena-Luminita"]
[Black "Adam, Andrea"]
[Result "1-0"]
[WhiteElo "2328"]
[BlackElo "1921"]
[PlyCount "99"]
[EventDate "2013.08.31"]
[EventRounds "9"]
[WhiteTeam "ACS SAH APA NOVA BUCURESTI"]
[BlackTeam "CSS TG. MURES"]

1. d4 Nf6 2. Nf3 g6 3. g3 d5 4. Bg2 Bg7 5. O-O O-O 6. c4 c6 7. b3 Bf5 8. Nc3
Qc8 9. Ba3 Re8 10. Rc1 Qe6 11. Na4 Na6 12. e3 Ne4 13. Nb2 Bh3 14. Nd3 Bxg2 15.
Kxg2 Rac8 16. Qe2 Nd6 17. h3 Nf5 18. Rfe1 h5 19. Kh2 Nd6 20. Nf4 Qe4 21. Nd2
Qf5 22. cxd5 cxd5 23. Bxd6 exd6 24. Qd3 Qf6 25. Kg2 Nc7 26. Rxc7 Rxc7 27. Nxd5
Qd8 28. Nxc7 Qxc7 29. Nf3 Rc8 30. Re2 Qc3 31. Qxc3 Rxc3 32. Ne1 Kf8 33. Rc2
Rxc2 34. Nxc2 Ke7 35. Kf3 Ke6 36. Ke4 Bf6 37. h4 Bd8 38. Nb4 Ba5 39. Nd3 Bd2
40. Nf4+ Kd7 41. Kd5 Be1 42. Nd3 Bd2 43. e4 Bc3 44. f3 Ba5 45. g4 Bd8 46. g5
Ba5 47. b4 Bc7 48. f4 Ke7 49. f5 Bb8 50. Nf4 1-0

[Event "Campionatul National de sah pe echipe f"]
[Site "Mamaia-Constanta"]
[Date "2013.09.08"]
[Round "9.2"]
[White "Jakab, Tunde"]
[Black "Chirita, Andra-Marina"]
[Result "0-1"]
[WhiteElo "1777"]
[BlackElo "2024"]
[PlyCount "138"]
[EventDate "2013.08.31"]
[EventRounds "9"]
[WhiteTeam "CSS TG. MURES"]
[BlackTeam "ACS SAH APA NOVA BUCURESTI"]

1. e4 e6 2. d4 d5 3. exd5 exd5 4. Bd3 Nf6 5. Nf3 Bd6 6. O-O O-O 7. Re1 Bg4 8.
h3 Bh5 9. Bg5 Nbd7 10. Nbd2 c5 11. dxc5 Nxc5 12. Be2 h6 13. Be3 a6 14. Nh4 Bxe2
15. Rxe2 Qd7 16. Nhf3 Rfe8 17. Bd4 Rxe2 18. Qxe2 Re8 19. Qf1 Qf5 20. Re1 Rxe1
21. Nxe1 Qf4 22. Nef3 Nce4 23. Be3 Qf5 24. Nd4 Qe5 25. N2f3 Qe8 26. Nf5 Bb8 27.
Qd3 Qd7 28. N5d4 Nc5 29. Qf5 Qc7 30. Bxh6 Nce4 31. Bxg7 Kxg7 32. g3 Qd7 33. c3
Qxf5 34. Nxf5+ Kf8 35. g4 Ba7 36. N3d4 b5 37. f3 Nd2 38. Kg2 Nc4 39. b3 Nd2 40.
h4 Nb1 41. Ne2 Bb8 42. Ne3 Ba7 43. Nf5 Ne8 44. g5 Ng7 45. Nfg3 Be3 46. Nf1 Nf5
47. f4 d4 48. cxd4 Nxh4+ 49. Kh3 Nf5 50. Kg4 Nxd4 51. Nxe3 Nxe2 52. Nd5 Nbc3
53. Nb4 a5 54. Nc6 a4 55. bxa4 bxa4 56. Nb4 Nc1 57. a3 Nb5 58. Nc2 Ne2 59. f5
Ned4 60. Nb4 Nxa3 61. Kf4 Nac2 62. Na2 a3 63. Ke5 Nc6+ 64. Kf6 N6b4 65. Nc1 Nd4
66. g6 fxg6 67. fxg6 Ne2 68. Nb3 a2 69. Ke5 Nc2 0-1

[Event "Campionatul National de sah pe echipe f"]
[Site "Mamaia-Constanta"]
[Date "2013.09.08"]
[Round "9.3"]
[White "Ilie, Maria-Ruxandra"]
[Black "Sonfalean, Maria-Laura"]
[Result "1-0"]
[WhiteElo "2011"]
[BlackElo "1581"]
[PlyCount "47"]
[EventDate "2013.08.31"]
[EventRounds "9"]
[WhiteTeam "ACS SAH APA NOVA BUCURESTI"]
[BlackTeam "CSS TG. MURES"]

1. d4 d5 2. c4 e6 3. Nc3 Nf6 4. cxd5 exd5 5. Bg5 Be7 6. e3 c6 7. Bd3 O-O 8. Qc2
h6 9. Bh4 Nbd7 10. Nge2 Re8 11. f3 Qc7 12. Bf2 b6 13. e4 dxe4 14. fxe4 c5 15.
Bg3 Qd8 16. Nb5 Rf8 17. Bc7 Qe8 18. Nd6 Bxd6 19. Bxd6 Bb7 20. Bxf8 Kxf8 21. e5
Ng4 22. Be4 Ne3 23. Qd3 Nxg2+ 24. Kf2 1-0

[Event "Campionatul National de sah pe echipe f"]
[Site "Mamaia-Constanta"]
[Date "2013.09.08"]
[Round "9.4"]
[White "Magarin, Semela-Amara"]
[Black "Serbanescu, Diana-Maria"]
[Result "0-1"]
[WhiteElo "1426"]
[BlackElo "1941"]
[PlyCount "54"]
[EventDate "2013.08.31"]
[EventRounds "9"]
[WhiteTeam "CSS TG. MURES"]
[BlackTeam "ACS SAH APA NOVA BUCURESTI"]

1. e4 e5 2. Nf3 d6 3. d4 Nd7 4. dxe5 dxe5 5. Nc3 c6 6. Be2 Be7 7. O-O Ngf6 8.
h3 O-O 9. Nh2 Bb4 10. Bg5 Qa5 11. Qd3 Bxc3 12. Bxf6 Nxf6 13. bxc3 Be6 14. Qf3
Rad8 15. Qe3 Rd7 16. f4 exf4 17. Rxf4 Qb6 18. Qxb6 axb6 19. Bd3 Ra8 20. a3 b5
21. Rf3 Ra4 22. Nf1 Nxe4 23. c4 Nd6 24. cxb5 cxb5 25. Be2 Nc4 26. Re3 Ra5 27.
Bd3 g6 0-1

[Event "Campionatul National de sah pe echipe f"]
[Site "Mamaia-Constanta"]
[Date "2013.09.08"]
[Round "9.2"]
[White "Uta, Adeline-Ramona"]
[Black "Olea, Liliana"]
[Result "1-0"]
[WhiteElo "2081"]
[BlackElo "1888"]
[PlyCount "79"]
[EventDate "2013.08.31"]
[EventRounds "9"]
[WhiteTeam "CSM LUGOJ"]
[BlackTeam "CS UNIVERSITATEA ARAD"]

1. e4 e5 2. Nf3 Nc6 3. Bc4 Bc5 4. d3 d6 5. Bb3 Be6 6. c3 Nf6 7. Nbd2 Qc8 8. O-O
a6 9. Nc4 O-O 10. d4 exd4 11. cxd4 Bxc4 12. Bxc4 Bb6 13. Re1 Qg4 14. h3 Qh5 15.
e5 dxe5 16. dxe5 Rad8 17. Qe2 Nd5 18. Qe4 Nde7 19. Bg5 Rfe8 20. e6 f6 21. Be3
Bxe3 22. Qxe3 b5 23. Bb3 Na5 24. Rad1 Nxb3 25. Qxb3 Qc5 26. Rd7 c6 27. Nd4 Nd5
28. Rxd8 Rxd8 29. Nf5 Ne7 30. g4 Rd2 31. Nxe7+ Qxe7 32. a4 Rd5 33. axb5 axb5
34. Qa2 Rd8 35. Qa6 Qb4 36. Rc1 Qxb2 37. Qxc6 Qe2 38. Qc7 Qd2 39. Qf7+ Kh8 40.
e7 1-0

[Event "Campionatul National de sah pe echipe f"]
[Site "Mamaia-Constanta"]
[Date "2013.09.08"]
[Round "9.3"]
[White "Berintan, Teodora"]
[Black "Craciun, Paula-Iulia"]
[Result "1/2-1/2"]
[WhiteElo "1849"]
[BlackElo "2117"]
[PlyCount "82"]
[EventDate "2013.08.31"]
[EventRounds "9"]
[WhiteTeam "CS UNIVERSITATEA ARAD"]
[BlackTeam "CSM LUGOJ"]

1. d4 d5 2. c4 c6 3. Nc3 Nf6 4. cxd5 cxd5 5. Nf3 Nc6 6. e3 e6 7. a3 Be7 8. Bd3
O-O 9. O-O b6 10. b4 Bb7 11. Qb3 Rc8 12. Bd2 Bd6 13. Rfc1 Qe7 14. Nb5 Bb8 15.
a4 e5 16. Bf5 Rcd8 17. dxe5 Nxe5 18. Nbd4 g6 19. Bh3 Ne4 20. Be1 h5 21. b5 Qf6
22. Qd1 Kg7 23. g3 Rh8 24. Rab1 h4 25. g4 Bc8 26. Nxe5 Qxe5 27. f4 Qd6 28. Bb4
Nc5 29. Nc6 Rde8 30. Qd4+ Kh7 31. Nxb8 Qxb8 32. Bxc5 bxc5 33. Qxd5 Re7 34. Qxc5
Rhe8 35. Rc3 Bb7 36. g5 Qd8 37. Qd4 Qa5 38. Rbc1 Re4 39. Qf6 R4e7 40. Qd4 Re4
41. Qf6 R4e7 1/2-1/2

[Event "Campionatul National de sah pe echipe f"]
[Site "Mamaia-Constanta"]
[Date "2013.09.08"]
[Round "9.4"]
[White "Taposu-Matei, Alexandra"]
[Black "Firaru, Roxana-Maria"]
[Result "1-0"]
[WhiteElo "1784"]
[BlackElo "1684"]
[PlyCount "55"]
[EventDate "2013.08.31"]
[EventRounds "9"]
[WhiteTeam "CSM LUGOJ"]
[BlackTeam "CS UNIVERSITATEA ARAD"]

1. d4 d5 2. Nf3 Nf6 3. c4 c6 4. cxd5 cxd5 5. Nc3 e6 6. Bg5 Nc6 7. e3 Bb4 8. Bd3
Bd7 9. O-O O-O 10. Rc1 h6 11. Bh4 Rc8 12. a3 Ba5 13. Qe2 a6 14. Rc2 Qe7 15.
Rfc1 Bxc3 16. Rxc3 Na5 17. Ne5 g5 18. Bg3 Rxc3 19. Rxc3 Rc8 20. Rxc8+ Bxc8 21.
Qc2 Qe8 22. Qc7 Nc6 23. Nxf7 Qxf7 24. Qxc8+ Kg7 25. Bxa6 Na5 26. Bb5 Ne4 27.
Be5+ Kh7 28. Qh8+ 1-0

[Event "Campionatul National de sah pe echipe f"]
[Site "Mamaia-Constanta"]
[Date "2013.09.08"]
[Round "9.2"]
[White "Ionica, Iulia-Ionela"]
[Black "Voicu-Jagodzinsky, Carmen"]
[Result "1/2-1/2"]
[WhiteElo "2195"]
[BlackElo "2296"]
[PlyCount "24"]
[EventDate "2013.08.31"]
[EventRounds "9"]
[WhiteTeam "CS  SÎNANDREI"]
[BlackTeam "CS AEM LUXTEN TIMISOARA"]

1. e4 c5 2. Nf3 e6 3. d4 cxd4 4. Nxd4 Nf6 5. Nc3 d6 6. Be2 a6 7. a4 Nc6 8. Be3
Be7 9. O-O O-O 10. f4 Qc7 11. Kh1 Re8 12. Qe1 Bd7 1/2-1/2